[Event "MetroWest CC Trick or Treat"]
[Site "Natick"]
[Date "2014.10.14"]
[Round "2.1"]
[White "Arun, Siddharth"]
[Black "Yang, Yi"]
[Result "1-0"]
[WhiteElo "2225"]
[BlackElo "2243"]
[PlyCount "163"]
[EventDate "2014.10.07"]
[EventType "swiss"]
[EventRounds "4"]
[EventCountry "USA"]
[SourceTitle "EXT 2023"]
[Source "ChessBase"]
[SourceDate "2022.10.05"]
[SourceVersion "1"]
[SourceVersionDate "2022.10.05"]
[SourceQuality "1"]

1. e4 c5 2. c3 Nf6 3. e5 Nd5 4. d4 cxd4 5. Nf3 e6 6. cxd4 d6 7. Nc3 Nc6 8. Bb5 Bd7 9. 0-0 Nxc3 10. bxc3 Nxe5 11. Nxe5 Bxb5 12. Nxf7 Kxf7 13. Qh5+ g6 14. Qxb5 Qc7 15. d5 e5 16. f4 Kg7 17. Bb2 Be7 18. c4 Rhe8 19. c5 a6 20. Qc4 Bf6 21. Rac1 Rac8 22. Rfe1 dxc5 23. fxe5 Rxe5 24. Bxe5 Bxe5 25. g3 Rd8 26. Kg2 b6 27. Qe4 Bf6 28. Qf3 Qd7 29. Re6 Qxd5 30. Qxd5 Rxd5 31. Rxb6 Rd2+ 32. Kh3 Rxa2 33. Rxc5 Bd4 34. Rc7+ Kh6 35. Rbb7 Kg5 36. Rc1 h5 37. Rbc7 a5 38. R7c2 Ra3 39. Kg2 Kf5 40. Rb1 Ke4 41. Re2+ Kd3 42. Kf3 a4 43. Rd1+ Kc4+ 44. Ke4 Bc3 45. Rd6 Rb3 46. Rxg6 a3 47. Ra2 Bb2 48. Rc6+ Kb5 49. Rc8 Rb4+ 50. Kd3 Rg4 51. Rb8+ Kc5 52. Rb3 h4 53. Ke2 Kc4 54. Raxa3 Bxa3 55. Rxa3 Kb4 56. Re3 hxg3 57. hxg3 Rg8 58. Re4+ Kc5 59. Kf3 Kd5 60. Rf4 Ke5 61. g4 Ra8 62. Rf5+ Ke6 63. Kf4 Ra1 64. Kg5 Rg1 65. Kh5 Rh1+ 66. Kg6 Rh8 67. Rf7 Rg8+ 68. Rg7 Rf8 69. g5 Rf1 70. Ra7 Rg1 71. Ra6+ Ke7 72. Rf6 Rg2 73. Kh6 Rg1 74. Rf3 Rh1+ 75. Kg7 Rg1 76. g6 Rg2 77. Kh7 Rh2+ 78. Kg8 Rh1 79. g7 Rg1 80. Re3+ Kd6 81. Rh3 Ke6 82. Kh7 1-0

[Event "MetroWest CC Trick or Treat"]
[Site "Natick"]
[Date "2014.10.07"]
[Round "1.2"]
[White "Yang, Yi"]
[Black "Cousin, Neil B"]
[Result "1-0"]
[WhiteElo "2243"]
[BlackElo "2030"]
[PlyCount "35"]
[EventDate "2014.10.07"]
[EventType "swiss"]
[EventRounds "4"]
[EventCountry "USA"]
[SourceTitle "EXT 2023"]
[Source "ChessBase"]
[SourceDate "2022.10.05"]
[SourceVersion "1"]
[SourceVersionDate "2022.10.05"]
[SourceQuality "1"]

1. e4 c5 2. Nf3 g6 3. d4 cxd4 4. Nxd4 Nc6 5. Nc3 Bg7 6. Be3 Nf6 7. Bc4 0-0 8. Bb3 a5 9. a4 d5 10. exd5 Nb4 11. Ndb5 Bf5 12. 0-0 Rc8 13. d6 Ne4 14. g4 Nxc3 15. bxc3 Be6 16. cxb4 Bxa1 17. Qxa1 exd6 18. Bh6 1-0

[Event "MetroWest Memorial op"]
[Site "Natick"]
[Date "2014.09.16"]
[Round "3.1"]
[White "Yang, Yi"]
[Black "Goldberg, Benjamin"]
[Result "1-0"]
[WhiteElo "2243"]
[BlackElo "2229"]
[PlyCount "89"]
[EventDate "2014.09.02"]
[EventType "swiss"]
[EventRounds "5"]
[EventCountry "USA"]
[SourceTitle "EXT 2023"]
[Source "ChessBase"]
[SourceDate "2022.10.05"]
[SourceVersion "1"]
[SourceVersionDate "2022.10.05"]
[SourceQuality "1"]

1. e4 e6 2. d4 d5 3. e5 c5 4. c3 Qb6 5. Nf3 Nc6 6. a3 Nh6 7. b4 cxd4 8. cxd4 Nf5 9. Be3 Nxe3 10. fxe3 g6 11. Nc3 Bh6 12. b5 Qa5 13. Qd2 Ne7 14. g4 Bd7 15. g5 Bf8 16. Ne4 Qxd2+ 17. Nexd2 Nf5 18. Kf2 Rc8 19. Bd3 Rc3 20. Ke2 Be7 21. Rhc1 Rxc1 22. Rxc1 Bd8 23. e4 Ng7 24. Ke3 h6 25. h4 hxg5 26. hxg5 Rh3 27. Kf2 Bxg5 28. Nxg5 Rxd3 29. Ndf3 Bxb5 30. Rc8+ Kd7 31. Rf8 Kc6 32. Rxf7 dxe4 33. Rxg7 exf3 34. Nxe6 Rxa3 35. Rxg6 Be2 36. Nf4+ Kc7 37. Rg7+ Kc8 38. e6 Bd1 39. Rg8+ Kc7 40. e7 Ra2+ 41. Kg3 f2 42. e8Q f1Q 43. Nd5+ Kd6 44. Qe5+ Kc6 45. Nb4+ 1-0

[Event "MCC Independence Day"]
[Site "Natick"]
[Date "2014.07.08"]
[Round "2.1"]
[White "Yang, Yi"]
[Black "Bolat, Ahmet"]
[Result "0-1"]
[WhiteElo "2240"]
[BlackElo "2389"]
[PlyCount "65"]
[EventDate "2014.07.01"]
[EventType "swiss"]
[EventRounds "5"]
[EventCountry "USA"]
[SourceTitle "EXT 2023"]
[Source "ChessBase"]
[SourceDate "2022.10.05"]
[SourceVersion "1"]
[SourceVersionDate "2022.10.05"]
[SourceQuality "1"]

1. e4 e6 2. d4 d5 3. e5 c5 4. c3 Nc6 5. Nf3 Qb6 6. a3 a5 7. Bd3 Bd7 8. Bc2 Nh6 9. 0-0 Be7 10. Nbd2 cxd4 11. Nb3 dxc3 12. bxc3 Nf5 13. Bxf5 exf5 14. Be3 Qc7 15. Qxd5 Be6 16. Qb5 0-0 17. Bb6 Qc8 18. Rfd1 Na7 19. Bxa7 Rxa7 20. Nbd4 Bc4 21. Qb1 g6 22. Qc2 b5 23. Re1 a4 24. Qd2 Re8 25. Qe3 Bc5 26. Qh6 Bf8 27. Qg5 Bg7 28. h4 Qc5 29. h5 Bd3 30. h6 Bf8 31. e6 Be4 32. Nh4 Be7 33. Qg3 0-1

[Event "MCC Summer Solstice op"]
[Site "Natick"]
[Date "2014.06.03"]
[Round "1.3"]
[White "Karlsson, Fridrik J"]
[Black "Yang, Yi"]
[Result "0-1"]
[WhiteElo "1976"]
[BlackElo "2216"]
[PlyCount "68"]
[EventDate "2014.06.03"]
[EventType "swiss"]
[EventRounds "4"]
[EventCountry "USA"]
[SourceTitle "EXT 2023"]
[Source "ChessBase"]
[SourceDate "2022.10.05"]
[SourceVersion "1"]
[SourceVersionDate "2022.10.05"]
[SourceQuality "1"]

1. d4 Nf6 2. c4 c5 3. d5 b5 4. cxb5 a6 5. bxa6 Bxa6 6. Nc3 d6 7. Nf3 g6 8. g3 Bg7 9. e4 Bxf1 10. Kxf1 0-0 11. Kg2 Nbd7 12. Re1 Qa5 13. Qe2 Rfb8 14. Nd2 Ne8 15. Nc4 Qb4 16. a3 Qb3 17. f4 Bxc3 18. bxc3 Ra4 19. Nb2 Rxa3 20. Rxa3 Qxa3 21. c4 Qc3 22. Qe3 Rxb2+ 23. Bxb2 Qxb2+ 24. Re2 Qb4 25. Qd3 Nb6 26. Rc2 Nf6 27. e5 Nfd7 28. exd6 exd6 29. Qe4 Kg7 30. Kf2 Nf6 31. Qe2 Na4 32. Qf3 Qb1 33. Re2 Qd1 34. h3 Qd4+ 0-1